| 000 | 00887cam a2200253 i 4500 | ||
|---|---|---|---|
| 001 | bg | ||
| 003 | KOSZ 005 | ||
| 005 | 20200713135252.0 | ||
| 008 | 970510s1993 pl a |000 0 pol | ||
| 015 | _aPB 1994/2789 | ||
| 020 | _a8301111372 | ||
| 040 |
_aWA N _cKOSZ 005/HR _dKOSZ 005/HR |
||
| 080 | _a615.8 | ||
| 100 | 1 |
_aWiąckowski, Stanisław Kazimierz _d(1929- ) _eAutor |
|
| 245 | 1 | 0 |
_aEkologiczne kierunki w medycynie naturalnej / _cStanisław K. Wiąckowski. |
| 260 |
_aWarszawa : _bWydaw. Naukowe PWN, _c1993. |
||
| 300 |
_a188 s. : _brys. ; _c21 cm. |
||
| 504 | _aBibliogr. s. 186-188. | ||
| 650 | 4 |
_aLeczenie _xmetody niekonwencjonalne. |
|
| 655 | 4 | _aWydawnictwa popularne | |
| 710 | 2 |
_aWydawnictwo Naukowe PWN _4pbl. |
|
| 856 |
_uhttp://koha.tu.koszalin.pl/cgi-bin/koha/opac-detail.pl?biblionumber=6447 _yKatalog online BPK |
||
| 942 |
_2UKD _cKS |
||
| 999 |
_c6447 _d6447 |
||